Une série = une photo - Statistiques

Statistiques générales
  • Ce quiz a été pris 68 fois
  • Le résultat moyen est 9 sur 16
Statistiques - réponses
Par images Réponse % Correct
Prison Break
97%
Grey's Anatomy
95%
Lucifer
91%
Peaky Blinders
88%
Gossip Girl
79%
S.W.A.T
69%
Pretty Little Liars
67%
The Vampire Diaries
64%
Bones
59%
Lost
59%
L'été où je suis devenue jolie
50%
Ghost Whisperer
47%
Maxton Hall
29%
Sissi
7%
Panic
3%
Coeurs Noirs
2%
Aucun quiz correspondant
Distribution des résultats
% des personnes avec chaque résultat
Percentile par nombre de réponses
Votre historique - résultats
Vous n’avez pas pris ce quiz